Frauen Fußball EM 2025 - Alle Teilnehmer: Viertelfinale - Statistiken

Allgemein
  • Dieses Quiz wurde 72 mal gespielt
  • Das Durchschnittsergebnis liegt bei 7 aus 8
Antwortstatistiken
# Nation % Korrekt
C Deutschland
100%
D England
92%
B Spanien
92%
D Frankreich
85%
C Schweden
85%
B Italien
77%
A Schweiz
75%
A Norwegen
62%
Keine übereinstimmenden Quizze gefunden
Verteilung der Resultate
Anzahl Personen mit jedem Resultat
Perzentil nach korrekt beantworteten Fragen
Ihre Resultats-Entwicklung
Sie haben dieses Quiz noch nicht gespielt